[Event "GER KF-32 Class1 B3 email"]
[Site "GER email"]
[Date "2007.??.??"]
[Round "?"]
[White "Lorenzen, Jan Hendrik"]
[Black "Thesing, Gregor"]
[Result "1/2-1/2"]
[WhiteElo "1960"]
[BlackElo "1960"]
[PlyCount "64"]
[EventDate "2007.??.??"]
[EventType "tourn (corr)"]
[EventRounds "6"]
[EventCountry "GER"]
[SourceTitle "Corr 2008"]
[Source "ChessBase"]
[SourceDate "2008.06.24"]
[SourceVersion "1"]
[SourceVersionDate "2008.06.24"]
[SourceQuality "1"]

1. Nf3 Nf6 2. d4 d5 3. c4 e6 4. g3 dxc4 5. Bg2 b5 6. Nc3 c6 7. Ne5 Nd5 8. e4 Nb4 9. a3 Qxd4 10. axb4 Qxe5 11. Bf4 Qf6 12. Nxb5 cxb5 13. e5 Qe7 14. Bxa8 Qxb4+ 15. Kf1 Bc5 16. Ra2 0-0 17. Kg2 Bd7 18. Qf3 Rc8 19. Rd1 h6 20. h4 Be8 21. Bb7 Bc6 22. Bxc6 Nxc6 23. Rd7 Qb3 24. Qxb3 cxb3 25. Ra1 Bd4 26. Ra3 a5 27. Rxb3 b4 28. h5 f6 29. exf6 Bxf6 30. Rb7 e5 31. Be3 e4 32. g4 Ra8 1/2-1/2